000 00564nam a2200169 4500
001 117665
003 ES-MaACL
005 20230906190939.0
007 t|
008 070214s1942 sp r ||||1| spa d
100 1 _aPerdomo García, José.
_990425
245 1 4 _aLas Canarias en la literatura caballeresca /
_cpor José Perdomo García.
260 _aSanta Cruz de Tenerife :
_b[s.n.],
_c1942 (
_fImp. Católica)
300 _a18 p. ;
_c25 cm.
500 _aSeparata de la Revista de Historia, nº 60, octubre-noviembre de 1942.
852 _aES-MaACL
_j1834-F-32
999 _c117665
_d117665